000 00326cam a2200121ua 4500
082 _a624.17
_bPUN/ST
100 _aPunmia, B C.
245 _aStrength of materials and mechanics of structures, Vol 2 /
250 _a8 /
260 _aNew Delhi :
_bStandard publishers Distributors ,
_c1989.
300 _a851 ; .
942 _cBK
999 _c7397
_d7397